Zdaňovanie pohľadávky z reštitúcie

Pohľadávky z reštitúcie sa zdaňujú podľa zákona SNR č. 318/1992 Zb. o dani z dedičstva, dani z darovania a dani z prevodu a prechodu nehnuteľností v znení neskorších predpisov. Spôsob prechodu práv vo forme postúpenia pohľadávky, vyplývajúcich z reštitúcie. Súvisiace predpisy. Predmet nadobudnutia m...

Ausführliche Beschreibung

Gespeichert in:
Bibliographische Detailangaben
1. Verfasser: Dudáš, Ján
Format: Buchkapitel
Sprache:Slowakisch
Schlagworte:
Tags: Tag hinzufügen
Keine Tags, Fügen Sie das erste Tag hinzu!

MARC

LEADER 00000naa a2200000 4500
001 r035012
005 20230912113110.5
041 0 |a slo 
044 |a SK 
245 1 0 |a Zdaňovanie pohľadávky z reštitúcie  |c Ján Dudáš 
520 |a Pohľadávky z reštitúcie sa zdaňujú podľa zákona SNR č. 318/1992 Zb. o dani z dedičstva, dani z darovania a dani z prevodu a prechodu nehnuteľností v znení neskorších predpisov. Spôsob prechodu práv vo forme postúpenia pohľadávky, vyplývajúcich z reštitúcie. Súvisiace predpisy. Predmet nadobudnutia majetku z reštitúcie. Oslobodenie od daňovej povinnosti. Postúpenie pohľadávky za odplatu. 
610 2 0 |a pohľadávky 
610 2 0 |a reštitúcia 
610 2 0 |a zdaňovanie 
610 2 0 |a predpisy právne 
610 2 0 |a dane z darovania 
610 2 0 |a dane z dedičstva 
100 1 |a Dudáš, Ján